Statistiques concernant Pays et Territoires des Caraïbes

Cliquez ici pour prendre le quiz!

Statistiques générales

  • Ce quiz a été pris 25 675 fois
  • Le résultat moyen est 24 sur 37

Réponses sur la Carte

Les réponses sont colorées sur une échelle allant du rouge au vert en fonction du pourcentage des utilisateurs qui les ont devinées à leur premier essai. Vous pouvez retrouver ces pourcentages ci-dessous.
 

Statistiques - réponses

IndiceRéponse% Correct
PaysCuba
96%
PaysHaïti
94%
PaysRépublique dominicaine
92%
PaysJamaïque
91%
PaysPanama
91%
PaysMexique
89%
PaysColombie
88%
PaysCosta Rica
88%
PaysHonduras
88%
PaysVenezuela
88%
PaysNicaragua
87%
PaysBelize
86%
Région françaiseGuadeloupe
86%
PaysGuatemala
86%
Région françaiseMartinique
85%
PaysSainte-Lucie
83%
PaysDominique
80%
PaysBarbade
79%
PaysSaint-Vincent-et-les-
Grenadines
78%
PaysTrinité-et-Tobago
77%
PaysAntigua-et-Barbuda
75%
PaysSaint-Christophe-et-Niévès
75%
PaysGrenade
73%
Territoires des États-UnisPorto Rico
55%
Pays constitutif des Pays-BasSaint-Martin
48%
Collectivité d'outre-mer françaiseSaint-Martin
48%
Collectivité d'outre-mer françaiseSaint-Barthélemy
41%
Territoire britanniqueÎles Vierges britanniques
35%
Territoires des États-UnisÎles Vierges des États-Unis
35%
Pays constitutif des Pays-BasCuraçao
31%
Pays constitutif des Pays-BasAruba
27%
Territoire britanniqueîles Caïmans
21%
Territoire britanniqueMontserrat
18%
Territoire britanniqueAnguilla
16%
Commune des Pays-Bas à statut particulierBonaire
15%
Commune des Pays-Bas à statut particulierSaba
8%
Commune des Pays-Bas à statut particulierSaint-Eustache
7%

Distribution des résultats

Percentile par nombre de réponses

% des personnes avec chaque résultat

Votre développement - résultats

Vous n’avez pas pris ce quiz